Middle East Capitals Quiz - Statistics

General Stats
  • This quiz has been taken 616 times
    610 since last reset
  • The average score is 12 of 16
Answer Stats
Country Capital % Correct
Israel Jerusalem
90%
Iraq Baghdad
88%
Kuwait Kuwait City
87%
Iran Tehran
87%
United Arab Emirates Abu Dhabi
82%
Qatar Doha
80%
Turkey Ankara
78%
Lebanon Beirut
77%
Jordan Amman
76%
Syria Damascus
75%
Saudi Arabia Riyadh
73%
Bahrain Manama
72%
Oman Muscat
71%
Cyprus Nicosia
70%
Yemen Sana'a
68%
Palestinian Territories Ramallah
41%
No matching quizzes found
Score Distribution
Percent of People with Each Score
Percentile by Number Answered
Your Score History
You have not taken this quiz since the last reset